| 000 | 00435nam a22001817a 4500 | ||
|---|---|---|---|
| 003 | OSt | ||
| 008 | 220323b ||||| |||| 00| 0 eng d | ||
| 020 | _a9788173719547 | ||
| 082 | _a004.678 bai | ||
| 100 | _aBAHGA,Arshdeep | ||
| 245 | _aInternet of Things : A Hand on Approach | ||
| 250 | _a1st | ||
| 260 |
_aNew Delhi _bUniversity Press _c2022 |
||
| 300 | _a520 | ||
| 650 | _aECE | ||
| 700 | _aMADISETTI,Vijay | ||
| 942 |
_2ddc _cBK |
||
| 999 |
_c11108 _d11108 |
||